000 00283nam a22001217a 4500
008 170529b xxu||||| |||| 00| 0 eng d
041 _aeng
080 _a621.38
100 _a27
101 _aIM
245 _aINTRODUCTORY ELECTRICAL ENGINERING
_cCORCORAN.G.F
942 _2udc
_cBK
999 _c14851
_d14851